Kapesní atlas obchodníka: Egypt

Základné demografické údaje Egypta. Členstvo Egyptskej arabskej republiky v medzinárodných organizáciách. Základné ekonomické ukazovatele, zahraničný obchod a dvojstranné dohody. Praktické rady, dôležité adresy a zvláštne upozornenia pri cestovaní a obchodných rokovaniach v Egypte.

Na minha lista:
Detalhes bibliográficos
Autor principal: Malý, Petr
Formato: Capítulo de Livro
Idioma:tcheco
Assuntos:
Tags: Adicionar Tag
Sem tags, seja o primeiro a adicionar uma tag!

MARC

LEADER 00000naa a2200000 4500
001 r032979
005 20230908092810.7
041 0 |a cze 
044 |a CZ 
245 1 0 |a Kapesní atlas obchodníka: Egypt  |c Petr Malý 
520 |a Základné demografické údaje Egypta. Členstvo Egyptskej arabskej republiky v medzinárodných organizáciách. Základné ekonomické ukazovatele, zahraničný obchod a dvojstranné dohody. Praktické rady, dôležité adresy a zvláštne upozornenia pri cestovaní a obchodných rokovaniach v Egypte. 
610 2 0 |a styk zahraničnoobchodný 
610 2 0 |a demografia 
610 2 0 |a ukazovatele ekonomické 
610 2 0 |a obchod zahraničný 
610 2 0 |a rokovania obchodné 
610 2 0 |a Egypt 
100 1 |a Malý, Petr